DC DUTTA'S TB. OF OBSTETRICS (Record no. 23320)

MARC details
000 -LEADER
fixed length control field 00391nam a22001697a 4500
003 - CONTROL NUMBER IDENTIFIER
control field SGT
020 ## - INTERNATIONAL STANDARD BOOK NUMBER
International Standard Book Number 9789352702428
082 ## - DEWEY DECIMAL CLASSIFICATION NUMBER
Classification number 618.2
Item number D19K
100 ## - MAIN ENTRY--PERSONAL NAME
Personal name KONAR, HIRALAL
245 ## - TITLE STATEMENT
Title DC DUTTA'S TB. OF OBSTETRICS
250 ## - EDITION STATEMENT
Edition statement 9TH
260 ## - PUBLICATION, DISTRIBUTION, ETC. (IMPRINT)
Place of publication, distribution, etc INDIA
Name of publisher, distributor, etc JAYPEE PUB
Year of Publication 2019
300 ## - PAGE DESCRIPTION
No. of Pages 660
650 ## - SUBJECT ADDED ENTRY--TOPICAL TERM
Topical term or geographic name as entry element OBST & GYNAE
653 ## - KEYWORDS--INDEX TERM
Keyword term DC DUTTA'S TB. OF OBSTETRICS
942 ## - ADDED ENTRY ELEMENTS (KOHA)
Source of classification or shelving scheme Dewey Decimal Classification
Koha item type Books
942 ## - ADDED ENTRY ELEMENTS (KOHA)
-- 247
Holdings
Withdrawn status Lost status Source of classification or shelving scheme Damaged status Not for loan Collection code Home library Current library Shelving location Date acquired Vendor Name Cost, normal purchase price SGTU Bill Number Total Checkouts Full call number Accession No. (Barcode) Date last seen Date last borrowed Bill Date Koha item type Total Renewals Checked out
    Dewey Decimal Classification     MEDICAL SGT Medical Library SGT Medical Library Reference Book 13/09/2022 ABC DELHI 1395.00 SGTU 14815 4 618.2 D19K FM13276 16/05/2026 04/05/2026 27/07/2022 Books    
    Dewey Decimal Classification   Not For Loan MEDICAL SGT Medical Library SGT Medical Library Reference Book 13/09/2022 ABC DELHI 1395.00 SGTU 14815   618.2 D19K FM13277 13/09/2022   27/07/2022 Books    
    Dewey Decimal Classification     MEDICAL SGT Medical Library SGT Medical Library Reference Book 13/09/2022 ABC DELHI 1395.00 SGTU 14815 40 618.2 D19K FM13278 17/11/2025 17/11/2025 27/07/2022 Books 1  
    Dewey Decimal Classification     MEDICAL SGT Medical Library SGT Medical Library Reference Book 13/09/2022 ABC DELHI 1395.00 SGTU 14815 44 618.2 D19K FM13279 28/05/2026 28/05/2026 27/07/2022 Books   11/06/2026
    Dewey Decimal Classification     MEDICAL SGT Medical Library SGT Medical Library Reference Book 13/09/2022 ABC DELHI 1395.00 SGTU 14815 31 618.2 D19K FM13280 20/05/2026 20/05/2026 27/07/2022 Books 1 03/06/2026
    Dewey Decimal Classification     MEDICAL SGT Medical Library SGT Medical Library Reference Book 13/09/2022 ABC DELHI 1395.00 SGTU 14815 48 618.2 D19K FM13281 13/04/2026 27/03/2026 27/07/2022 Books    
    Dewey Decimal Classification     MEDICAL SGT Medical Library SGT Medical Library Reference Book 13/09/2022 ABC DELHI 1395.00 SGTU 14815 41 618.2 D19K FM13282 10/04/2026 26/03/2026 27/07/2022 Books    
    Dewey Decimal Classification     MEDICAL SGT Medical Library SGT Medical Library Reference Book 13/09/2022 ABC DELHI 1395.00 SGTU 14815 26 618.2 D19K FM13283 18/05/2026 18/05/2026 27/07/2022 Books    
    Dewey Decimal Classification     MEDICAL SGT Medical Library SGT Medical Library Reference Book 13/09/2022 ABC DELHI 1395.00 SGTU 14815 43 618.2 D19K FM13284 19/05/2026 19/05/2026 27/07/2022 Books 1 02/06/2026
    Dewey Decimal Classification     MEDICAL SGT Medical Library SGT Medical Library Reference Book 13/09/2022 ABC DELHI 1395.00 SGTU 14815 32 618.2 D19K FM13285 19/01/2026 09/01/2026 27/07/2022 Books 1